MDQL
is popping MORE tags! Check the
thread
!
Quizzes
Events
Quiz Creation
Community
Videos
Private Events
Remove Ads
Sign In
Join for FREE
Feedback
Dark Mode
Quiz Categories
Sports
Geography
Music
Movies
Television
Just For Fun
Miscellaneous
History
Literature
Language
Science
Gaming
Entertainment
Religion
Holiday
For Kids
Quiz Lab
Recent
Popular Today
Quiz Kudos Today
Editor Picks
Curator Picks
Quizzes by...
Day
Popularity
Type
Ratings
Length
Year
Community
Subscriptions
Recent Discussions
Orange Saloon
Badges
Playlists
Quests
Create
Leaderboards
Showdown
Live 5
Trivia Bingo
Activity
Puzzle Library
Sporcle Events
Private Events
Virtual Trivia
Globe League
Become a Host
Pub Owners
SporcleCon
Opinionation
Our Games
Videos
Blog
Mobile Apps
Partnerships
Remove Ads and Go Orange
Feedback
Music
Pop Music
The Beatles
Song
Album
Lyrics
Bands
Singers
Artist
Clip
Rock
Rap
Classical
Billboard
Country Music
Kpop
Taylor Swift
Music
Pop Music
The Beatles
Song
Album
Lyrics
Bands
Singers
Artist
Clip
Rock
Rap
Classical
Billboard
Country Music
Kpop
Taylor Swift
Random Quiz
Search Sporcle
×
Quiz Lab
Quiz Lab
Music
Artist
Type in answers that appear in a list
Type in answers that appear in a list
Classic
Best Score? Go Orange.
British Artists to Top Hot 100 Since 1980? Stats
Can you name the British Hits to Top Hot 100 Since 1980?
By
JasperSaysRelax
15m
81 Questions
243 Plays
243 Plays
243 Plays
Comments
Comments
Give Quiz Kudos
Give Quiz Kudos
-
- Ratings
hide this ad
Replay
Link that replays current quiz
Next Quiz
Link to next quiz in quiz playlist
You Got
0%
They Got
Avg Score
39%
Avg Friend Score
Upgrade to see
Score Distribution
Jump to the score distribution portion of the page
Score
0/81
Timer
15:00
0
Plays Today
Year
Artist
% Correct
1986
Elton John
70.4%
1997
Elton John
70.4%
1984
Duran Duran
69.5%
1985
Duran Duran
69.5%
1992
George Michael and Elton John
67.1%
1984
Wham!
65.8%
1985
Wham!
65.8%
1985
George Michael
65.4%
1987
George Michael
65.4%
1987
George Michael
65.4%
1988
George Michael
65.4%
1988
George Michael
65.4%
1988
George Michael
65.4%
1990
George Michael
65.4%
1980
Queen
64.6%
1980
Queen
64.6%
1983
The Police
62.6%
1980
Paul McCartney
59.3%
1982
Paul McCartney
59.3%
1983
Paul McCartney
59.3%
1980
John Lennon
57.2%
1985
Phil Collins
57.2%
1984
Phil Collins
56.4%
1985
Phil Collins
56.4%
1985
Phil Collins
56.4%
1988
Phil Collins
56.4%
1989
Phil Collins
56.4%
Year
Artist
% Correct
1989
Phil Collins
56.4%
1994
Rod Stewart, Sting & Bryan Adams
55.6%
1983
David Bowie
55.1%
1996
Spice Girls
54.7%
1984
Culture Club
54.3%
1986
Genesis
53.9%
1980
Pink Floyd
44.9%
1988
George Harrison
43.2%
2008
Coldplay
42%
1982
The Human League
40.3%
1986
The Human League
40.3%
1983
The Eurythmics
37.9%
1986
Pet Shop Boys
37.4%
2008
Leona Lewis
35.8%
1986
Peter Gabriel
34.2%
1988
Def Leppard
33.7%
1985
Tears For Fears
31.7%
1985
Tears For Fears
31.7%
1985
Dire Straits
31.7%
1988
Rick Astley
31.7%
1988
Rick Astley
31.7%
1986
Bananarama
31.3%
1985
Simple Minds
30.9%
1983
Dexys Midnight Runners
29.2%
1988
UB40
28%
1993
UB40
28%
1985
Paul Young
25.9%
Year
Artist
% Correct
1981
Sheena Easton
23%
1986
Simply Red
22.6%
1989
Simply Red
22.6%
1983
Bonnie Tyler
22.2%
1987
Kim Wilde
21.8%
1987
Billy Idol
20.2%
1984
Yes
18.5%
1992
Right Said Fred
18.5%
1989
Mike and the Mechanics
17.7%
1989
Fine Young Cannibals
17.3%
1989
Fine Young Cannibals
17.3%
1987
Whitesnake
16.9%
2006
James Blunt
16.9%
1986
Robert Palmer
15.6%
1987
Cutting Crew
14%
1986
Steve Winwood
13.6%
1988
Steve Winwood
13.6%
1995
Seal
12.3%
1982
Joe Cocker
11.5%
2009
Jay Sean
11.5%
1985
John Parr
10.3%
1991
EMF
9.9%
2010
Taio Cruz
9.9%
1984
John Waite
9.5%
1981
Air Supply
9.1%
1990
Maxi Priest
6.2%
1988
Escape Club
5.3%
Quiz Playlist
Details
Report
Send in Message
Add To Playlist
Classic:
Type in answers that appear in a list
Last Updated: Feb 16, 2017
Quiz Scoreboard
CHALLENGE
Sign Up to Join the Scoreboard
Show All
Scores
Hide
Comments
May contain spoilers
Recently Published
Holiday 10x10 Sorting Gallery
by lukepisani3
Holiday
15m
Two Season TV Shows II
by 123Four
Television
10m
Image Sorting: Flags VI
by Barbecue
Geography
2m
More to Explore
Quiz From the Vault
Featured Blog Post
14 Easter Pick-up Lines to Find Eggs With
hide this ad
You Might Also Like...
Tags
Artist Quiz
Song Quiz
100
1980
1980s
British
hit
hot
Today's Top Quizzes in Music
Browse Music
hide this ad
Today's Top Quizzes in Artist
Browse Artist
Top Contributed Quizzes in Music
1
5X2 Blitz: Bands II
2
Taylor Swift All Songs (2024)
3
5X2 Blitz: The Beatles
4
5X2 Blitz: Billboard
5
Music Artist by Three 2010s hits
6
5X2 Blitz: Billboard II
7
5X2 Blitz: Album
8
5X2 Blitz: Rock
9
5X2 Blitz: Singers
10
5X2 Blitz: Lyrics
Explore More
Trending Topics
Marvel
Harry Potter
Anime
Crossword
NBA
Disney
Kpop
Pokémon
Country
Soccer
NFL
The Office
Puzzle
WWE
Song
hide this ad
More By:
JasperSaysRelax
Quiz
Plays
Rating
Category
Featured
Created
British Artists to Top Hot 100 Since 1980?
243
3.67
Music
Jun 6, 2010
Go to Creator's Profile
Score Distribution
Quiz Creator Spotlight
JasperSaysRelax
Follow
Send a Message
Quizzes Created
-
Created Quiz Play Count
-
More By This Creator
Popular Quizzes Today
1
Find the US States - No Outlines Minefield
2
Colored Red Africa Blitz
3
Find the 'City' Movie
4
The Countries of the World
5
5x2 Blitz: Bands
6
Find the US States
7
Find the Countries of Europe - No Outlines Minefield
8
US States
More Music Quizzes
Bands & Musicians by Song: 'T'
Published
Trending Quizzes
Colored Red Europe Blitz I
Colored Red Europe Blitz II
Colored Red Africa Blitz II
Colored Red Europe Blitz III
Colored Red Africa Blitz III
Recently Updated
Odd Team Out - Big 4 Players
pecheneg
Quick Pick: 20 Twenties
pecheneg
March Madness Men's Triple Doubles
pecheneg
How Do You Spell That?
pecheneg
Godzilla Movies
pecheneg
Grab Bag: 4-10 Letters
pecheneg
2024 March Madness Bracket
pecheneg
Famous TV Couples
Peacemaker
Champions League XIs: Real Madrid
pecheneg
Largest US Cities 1790-2010
pecheneg
Trending Topics
Anime
Disney
Marvel
NBA
Harry Potter
Kpop
Crossword
Puzzle
The Office
WWE
Country
Song
Soccer
NFL
Pokémon
Your Account Isn't Verified!
In order to create a playlist on Sporcle, you need to verify the email address you used during registration. Go to your
Sporcle Settings
to finish the process.
Report this User
Report this user for behavior that violates our
Community Guidelines
.
Details:
Send Report
Go to the Sporcle.com Mobile Site →
Comments